000 00360 a2200157 4500
001 152188
040 _cEscola São Tomás de Aquino
100 _aGALDINO, Luiz
240 1 0 _aViagem ao reino das sombras
_lpor
245 1 0 _aViagem ao reino das sombras
300 _a64
362 0 _a2004
440 1 _aFTD
697 _a*LITERATURA JUVENIL
942 _cBK
999 _c152188
_d152188